Integration of faith and learning / (Record no. 5060)

MARC details
000 -LEADER
fixed length control field 03097nam a22002537a 4500
003 - CONTROL NUMBER IDENTIFIER
control field AUA.1
005 - DATE AND TIME OF LATEST TRANSACTION
control field 20160114130926.0
008 - FIXED-LENGTH DATA ELEMENTS--GENERAL INFORMATION
fixed length control field 111214t xxu||||| |||| 00| 0 eng d
020 ## - INTERNATIONAL STANDARD BOOK NUMBER
International Standard Book Number 9788961890342
040 ## - CATALOGING SOURCE
Transcribing agency *
050 ## - LIBRARY OF CONGRESS CALL NUMBER
Classification number BR 115 .L32
Item number I58 2009
100 ## - MAIN ENTRY--PERSONAL NAME
Personal name Lee, Jong-Keun (ed.)
9 (RLIN) 20267
245 ## - TITLE STATEMENT
Title Integration of faith and learning /
Statement of responsibility, etc Jong-Keun Lee
260 ## - PUBLICATION, DISTRIBUTION, ETC. (IMPRINT)
Place of publication, distribution, etc Seoul, Korea
Name of publisher, distributor, etc Sahmyook University Press
Date of publication, distribution, etc c2009
300 ## - PHYSICAL DESCRIPTION
Extent 313 p. :
Dimensions 23 cm.
500 ## - GENERAL NOTE
General note oreword by Jairyong Lee, President of Northern Asia-Pacific Division of Seventh-day Adventists.<br/>Congratulatory remarks by Check Yat Phoon, Director of Education of Northern Asia-Pacific Division of Seventh-day Adventists.<br/>Originally composed as an essay volume of Sahmyook University anniversary in 2006; translated into English -- from Editor's Preface on p. vi.
505 ## - FORMATTED CONTENTS NOTE
Formatted contents note Contents:
505 ## - FORMATTED CONTENTS NOTE
Formatted contents note God created time / Martin W. Bredenkamp and Warren A. Shipton --<br/>A brief re-interpretation of "Jesus' Return" --<br/>the central belief of the Seventh-day Adventists in the temporal aspect of the I-Jing / Samuel Man-Jim Chiu --<br/>Is uniformitarianism, the fundamental theory of Darwinism, valid? / Jong-gul Choi --<br/>Ears tell us about the creator / Young-Myoung Chun --<br/>Human brain that overwhelms artificial intelligence system / Heon-Sik Joo --<br/>The mystery of human birth and the power of God / Kyoung-A Kang --<br/>Creator in life science / Hyun Hee Kim --<br/>Principle of rebirth from germination physiology of seed / Oh-dal Kwon --<br/>The Christian student's search for God's will --<br/>a counseling perspective for Christian educatiors [sic] / Sally Lam-Phoon --<br/>Cosmology in the Bible / Jong-Keun Lee --<br/>Learning English and faith in God /Vr Ki-Kap Lee --<br/>The order and harmony of nature depicted in the Fibonacci sequence / Kyu Bong Lee --<br/>Architectural contrast and the Bible / Tea-eun Lee --<br/>Words of faith depicted in artworks / Jong-Sung Lim --<br/>The self-reflection element of literature education --<br/>the martyred as the focus / Ji-Won Myung --<br/>A study of Genesis 1-2 from the perspective of knowledge classification / Chunsik Park --<br/>Challenges and opportunities facing Adventist Administrators in the Northern Asia-Pacific Division / Chek Yat Phoon --<br/>Commentary on natural rights of man and its correlation to immigration law / Mary Shin --<br/>Ant, a small but wise animal in the Bible / Sook Shin --<br/>Made from one blood / Warren A. Shipton --<br/>Language as the gift from God --<br/>foreign language learning in the light of Biblical perspective / Kiyomi Watanabe --<br/>The making of a mentor --<br/>modeled after the master men / Helen T. Wu --<br/>The miracle of wonder : human body / Kwang-wook Yoo.
650 ## - SUBJECT ADDED ENTRY--TOPICAL TERM
Topical term or geographic name as entry element Christian Education
Form subdivision Philosophy
9 (RLIN) 52398
650 ## - SUBJECT ADDED ENTRY--TOPICAL TERM
Topical term or geographic name as entry element Learning and scholarship
Form subdivision Religious Aspects
Chronological subdivision Christianity
9 (RLIN) 52399
650 ## - SUBJECT ADDED ENTRY--TOPICAL TERM
Topical term or geographic name as entry element Faith
9 (RLIN) 52400
942 ## - ADDED ENTRY ELEMENTS (KOHA)
Source of classification or shelving scheme Library of Congress Classification
Koha item type Books
Classification part BR 115 .L32
Item part I58 2009
Holdings
Withdrawn status Lost status Source of classification or shelving scheme Damaged status Not for loan Collection code Home library Current library Shelving location Date acquired Source of acquisition Cost, normal purchase price Serial Enumeration / chronology Total Checkouts Total Renewals Full call number Barcode Date last seen Date checked out Cost, replacement price Price effective from Koha item type
    Library of Congress Classification     Books Judith Thomas Library Judith Thomas Library General Stacks 14/12/2011 Bought by JTL 10.00 AUA005841 1 1 BR 115 .L32 I58 2009 AUA005841 09/03/2022 12/11/2021 10.00 14/12/2011 Books